Academic involvement at university (Record no. 61739)

MARC details
000 -CABECERA
campo de control de longitud fija 00603nam a2200217 a 4500
005 - FECHA Y HORA DE LA ÚLTIMA TRANSACCIÓN
campo de control 20210219152826.0
008 - ELEMENTOS DE LONGITUD FIJA--INFORMACIÓN GENERAL
campo de control de longitud fija 991125n 000 0 eng u
035 ## - NÚMERO DE CONTROL DEL SISTEMA
Número de control de sistema UPN01000062478
100 ## - ASIENTO PRINCIPAL--NOMBRE PERSONAL
Nombre de persona Willis, Deborah
222 ## - TÍTULO CLAVE
Título clave HIGHER EDUCATION
245 ## - MENCIÓN DE TÍTULO
Título Academic involvement at university
300 ## - DESCRIPCIÓN FÍSICA
Extensión 133-150
362 ## - FECHAS DE PUBLICACIÓN Y/O DESIGNACIÓN SECUENCIAL
Fecha de publicación y/o designación secuencial 1993 25, No. 2
653 0# - TERMINO DE INDIZACION - NO CONTROLADO
Término no controlado ACTITUDES DEL ESTUDIANTE
653 0# - TERMINO DE INDIZACION - NO CONTROLADO
Término no controlado ADMINISTRACION DE COLEGIOS
653 0# - TERMINO DE INDIZACION - NO CONTROLADO
Término no controlado ESTUDIANTES EN EL COLEGIO
653 0# - TERMINO DE INDIZACION - NO CONTROLADO
Término no controlado PARTICIPACION DEL ESTUDIANTE
653 0# - TERMINO DE INDIZACION - NO CONTROLADO
Término no controlado PROCESOS DE APRENDIZAJES
904 ## - ELEMENTOS DE DATOS D LOCAL, LDD (RLIN)
a AC
b 000289
905 ## - TIPO DE MATERIAL
Tipo de material Articulo

No items available.